000 00555nam a22001577a 4500
003 MACL
005 20160722143625.0
008 160722b xxu||||| |||| 00| 0 eng d
040 _cMACL
041 _aHindi
082 _a891.433 GOR
100 _aगोर्की, मक्सिम
_946105
245 _aगोर्की की श्रेष्‍ठ कहानियां
_cमक्सिम गोर्की
260 _aनई दिल्‍ली
_bहिन्‍दी बुक वर्ल्‍ड
_c2012
942 _2ddc
_cHIN
999 _c54682
_d54682